El conocimiento histórico
Uloženo v:
| Hlavní autor: | |
|---|---|
| Médium: | Kniha |
| Jazyk: | španělština |
| Vydáno: |
Barcelona
Labor
1968
|
| Edice: | Biblioteca Universitaria Labor, 8
|
| Témata: | |
| Tagy: |
Přidat tag
Žádné tagy, Buďte první, kdo vytvoří štítek k tomuto záznamu!
|
MARC
| LEADER | 00000nam a2200000 a 4500 | ||
|---|---|---|---|
| 001 | UCX1675 | ||
| 003 | CL-VaPUC | ||
| 005 | 20231006130552.0 | ||
| 008 | 901016e19680000SP |||||||||||||||||spa|d | ||
| 999 | |c 222854 |d 222852 | ||
| 040 | |c Pontificia Universidad Católica de Valparaíso | ||
| 082 | 0 | 4 | |a 901 |b MAR |2 21 |
| 100 | |a Marrou, Henri Irénée |e autor |9 588451 | ||
| 245 | 1 | 3 | |a El conocimiento histórico |
| 260 | |a Barcelona |b Labor |c 1968 | ||
| 300 | |a 228 p | ||
| 490 | 0 | |a Biblioteca Universitaria Labor, 8 | |
| 583 | |a last modification |c 19901016 00:00:00 |k Rodrigo Vera | ||
| 650 | 0 | |a Filosofía de la historia |9 265651 | |
| 650 | 0 | |a Historia |x Fuentes |9 884965 | |
| 650 | 0 | |a Historiografía |9 257871 | |
| 942 | |c BK |2 ddc | ||
| 945 | |d 19901016 00:00:00 | ||
| 952 | |0 0 |1 0 |4 0 |6 901_000000000000000_MAR_1968 |7 0 |8 R |9 218119 |a BIBHIS |b BIBHIS |d 2019-11-15 |i 2869713 |l 21 |o 901 MAR 1968 |p 2869713 |r 2025-04-25 |s 2025-04-25 |w 2019-11-15 |y BK_R |k HIS | ||